000 00675nam a2200241Ia 4500
003 OSt
005 20220918201411.0
006 a|||||r|||| 00| 0
007 ta
008 220917b |||||||| |||| 00| 0 eng d
024 _a93,685
037 _cTextual
040 _aARTS
_cARTS
_beng
041 _2eng
_aeng
082 _aV1N4:191.N8, M8
100 _aRiggs Robert E
245 0 _aUnited Nations
_b international organization and world politics
260 _aChicago
_bThe dorsey press
_c1988
650 _aHISTORY
700 _a Plano Jack C
942 _hV1N4:191.N8, M8
_cTEXL
_2CC
999 _c217327
_d217327